John galsworthy's the forsyte saga - a new historicist perspective / (Record no. 143813)

MARC details
000 -LEADER
fixed length control field 00684nam a22002057a 4500
005 - DATE AND TIME OF LATEST TRANSACTION
control field 20170825113436.0
010 ## - LCCN (DPL NO)
LC control number ENG-120030
020 ## - INTERNATIONAL STANDARD BOOK NUMBER
Terms of availability 200.00
035 ## - SYSTEM CONTROL NUMBER
System control number EN-103562
037 ## - SOURCE OF ACQUISITION
Source of stock number/acquisition DBAD/PUB
082 ## - DEWEY DECIMAL CLASSIFICATION NUMBER
Classification number 823.912
100 ## - MAIN ENTRY--PERSONAL NAME
Personal name Varadharajan, T.S.
245 ## - TITLE STATEMENT
Title John galsworthy's the forsyte saga - a new historicist perspective /
Statement of responsibility, etc by T.S. Varadharajan,
260 ## - PUBLICATION, DISTRIBUTION, ETC. (IMPRINT)
Place of publication, distribution, etc Chennai
Name of publisher, distributor, etc Emerald Publishers
Date of publication, distribution, etc 2016
270 ## - ADDRESS
Address 15A, First Floor, Casa Major Road Egmore,
City Chennai
Postal code 600008
300 ## - PHYSICAL DESCRIPTION
Extent 140p.
Dimensions 22cm(pbk)
500 ## - GENERAL NOTE
General note Same ISBN - 9788179664247 EN-103265<br/>
500 ## - GENERAL NOTE
General note Includes bibliographical references<br/>
942 ## - ADDED ENTRY ELEMENTS (KOHA)
Source of classification or shelving scheme Dewey Decimal Classification
Item type English Books
Classification part 823.912
Call number suffix VAR
Holdings
Withdrawn status Lost status Not for loan Collection code Home library Current library Date acquired Source of acquisition Cost, normal purchase price Full call number Barcode Copy number Cost, replacement price Koha item type
    Not For Loan Non-fiction D.B.Act.Division Bawana 25/08/2017 DBAD/PUB 200.00 823.912 VAR EN-103562 1 200.00 English Books

© Delhi Public Library
Hit Counter
free hit counter